[Event "Ajka Borostyan Cup"]
[Site "Ajka"]
[Date "2008.07.19"]
[Round "8"]
[White "Vincze, Gyozo"]
[Black "Ludvai, Zsolt"]
[Result "0-1"]
[WhiteElo "1739"]
[BlackElo "1981"]
[PlyCount "42"]
[EventDate "2008.07.12"]
[EventType "swiss"]
[EventRounds "9"]
[EventCountry "HUN"]
[SourceTitle "EXT 2011"]
[Source "ChessBase"]
[SourceDate "2010.11.26"]
[SourceVersion "1"]
[SourceVersionDate "2010.11.26"]
[SourceQuality "1"]

1. e4 e6 2. d4 d5 3. exd5 exd5 4. Nf3 Bd6 5. c4 c6 6. cxd5 cxd5 7. Nc3 Be6 8. Bb5+ Nc6 9. 0-0 h6 10. Re1 Nge7 11. h3 0-0 12. Be3 a6 13. Bd3 Nb4 14. Rc1 Qd7 15. a3 Nxd3 16. Qxd3 Ng6 17. Qc2 b5 18. Ne2 Bxh3 19. gxh3 Qxh3 20. Ne5 Bxe5 21. dxe5 Nh4 0-1

[Event "Ajka Borostyan Cup"]
[Site "Ajka"]
[Date "2008.07.17"]
[Round "6"]
[White "Majeric, Zoran"]
[Black "Ludvai, Zsolt"]
[Result "1-0"]
[WhiteElo "2312"]
[BlackElo "1981"]
[PlyCount "75"]
[EventDate "2008.07.12"]
[EventType "swiss"]
[EventRounds "9"]
[EventCountry "HUN"]
[SourceTitle "EXT 2011"]
[Source "ChessBase"]
[SourceDate "2010.11.26"]
[SourceVersion "1"]
[SourceVersionDate "2010.11.26"]
[SourceQuality "1"]

1. e4 e6 2. Nc3 d5 3. Nf3 Nf6 4. e5 Ne4 5. Ne2 Bc5 6. d4 Bb6 7. Ng3 c5 8. dxc5 Nxg3 9. hxg3 Bxc5 10. Bd3 Qb6 11. Qe2 h6 12. c3 a5 13. g4 Nc6 14. g5 Bd7 15. gxh6 gxh6 16. Rxh6 0-0-0 17. Rh3 Qc7 18. Bg5 Rdg8 19. Bf6 Rxh3 20. gxh3 Be7 21. Bxe7 Nxe7 22. 0-0-0 Rh8 23. h4 Ng6 24. Bxg6 fxg6 25. Rg1 Be8 26. Rg4 Qb6 27. Rf4 Bb5 28. Qd2 a4 29. Qd4 Qxd4 30. Nxd4 Bd7 31. Rg4 Kd8 32. Rxg6 Rxh4 33. Nxe6+ Ke7 34. Nd4 Rf4 35. Rg7+ Ke8 36. f3 Rh4 37. e6 Bc6 38. Rg8+ 1-0